Invertir en Espaą

Bibliographic Details
Corporate Author: AMADO Consultores
Format: Book
Language:Spanish
Published: Barcelona AMADO Consultores 2015
Subjects:
Online Access:Acceso restringido

MARC

LEADER 00000nam a22000007a 4500
005 20160503163441.0
007 cr|||| ||u|
008 160503s2015 sp ||||| |||| 00||0 spa d
035 |a 14191 
040 |a vLex  
090 |c 6054  |d 6054 
245 1 0 |a Invertir en Espaą  |h [Recurso electrn̤ico] /  |c AMADO Consultores  
256 |a Servicio en ln̕ea  
260 |a Barcelona   |b AMADO Consultores  |c 2015 
300 |a 1 recurso electrn̤ico  
506 1 |a Contenido solo disponible en los productos indicados  |d vLex Global  |d vLex Global (Academic Edition, excluding Law Schools)  |d vLex Global (U.S. Academic Edition, Law Schools)  |d vLex Global (U.S. Academic Edition, excluding Law Schools)  |d vLex Global (Academic Edition, Law Schools) 
650 0 4 |a Derecho  |z Espaą 
710 1 |a AMADO Consultores 
740 0 |a vLex libros (servicio en ln̕ea)  
856 4 0 |u http://vlex.com/source/investing-in-spain-14191  |z Acceso restringido  
942 |c BOOK 
999 0 |a Law  |b Spain